Analýza lízingovej operácie na konkrétnom príklade
Charakteristika podnikateľského subjektu. Charakteristika obstarávaného majetku. Podmienky pri kúpe v hotovosti a pri kúpe na úver. Podmienky pri použití lízingu. Analýza jednotlivých foriem obstarania. Analýza účtovných a daňových dôsledkov lízingového vzťahu. Lízingový koeficient. Účtovanie priebe...
Guardado en:
| Autor principal: | |
|---|---|
| Formato: | Capítulo de libro |
| Lenguaje: | eslovaco |
| Materias: | |
| Etiquetas: |
Sin Etiquetas, Sea el primero en etiquetar este registro!
|
MARC
| LEADER | 00000naa a2200000 4500 | ||
|---|---|---|---|
| 001 | r035861 | ||
| 005 | 20230926081253.0 | ||
| 041 | 0 | |a slo | |
| 044 | |a SK | ||
| 245 | 1 | 0 | |a Analýza lízingovej operácie na konkrétnom príklade |c Daniel Jánoš |
| 520 | |a Charakteristika podnikateľského subjektu. Charakteristika obstarávaného majetku. Podmienky pri kúpe v hotovosti a pri kúpe na úver. Podmienky pri použití lízingu. Analýza jednotlivých foriem obstarania. Analýza účtovných a daňových dôsledkov lízingového vzťahu. Lízingový koeficient. Účtovanie priebehu lízingovej operácie. | ||
| 610 | 2 | 0 | |a lízing |
| 610 | 2 | 0 | |a kúpa |
| 610 | 2 | 0 | |a obstarávanie |
| 610 | 2 | 0 | |a splátky |
| 610 | 2 | 0 | |a vzťahy zmluvné |
| 610 | 2 | 0 | |a zmluvy nájomné |
| 610 | 2 | 0 | |a fakturovanie |
| 610 | 2 | 0 | |a účtovanie |
| 610 | 2 | 0 | |a operácie účtovné |
| 610 | 2 | 0 | |a prípady účtovné |
| 100 | 1 | |a Jánoš, Daniel | |